000 01514nam0a2200313 4500
001 RU\NLR\BIBL_A\011391074
005 20241103115236.0
010 _a9785814923868
_9500
021 _aRU
_b2017-29245
_92152
035 _a(RuMoRGB)008863928
035 _a(NLR Aleph) 011391074
090 _a11452741
_c11452741
100 _a20170522d2017 u y0rusy50 ca
101 0 _arus
102 _aRU
105 _aab||zzzz0|1yy
200 1 _aМакроэкономика
_eучебное пособие
_fЕ. А. Косьмина, А. Д. Косьмин
_gМинобрнауки России, Федеральное государственное бюджетное образовательное учреждение высшего образования "Омский государственный технический университет"
210 _aМосква
_cИзд-во ОмГТУ
_d2017
215 _a154 с.
_cил.
_d21
320 _aБиблиогр.: с. 84-85 (30 назв.) и в подстроч. примеч.
606 _aМакроэкономика
_jУчебные издания для высших учебных заведений
_91518341
_3RU\NLR\AUTH\66659814
686 _aУ018.5,083я73-1
_2rubbk
686 1 _aУ010.3я73
700 1 _aКосьмина
_bЕ. А.
_gЕлена Анатольевна
701 1 _aКосьмин
_bА. Д.
_gАнатолий Данилович
942 _cBOOK
980 _aNBR